Outer Wilds Full Ship Log - Statistics

General Stats
  • This quiz has been taken 75 times
  • The average score is 22 of 89
Answer Stats
Answer % Correct
Quantum Moon
75%
The Vessel
74%
Ash Twin Project
72%
Tower of Quantum Knowledge
60%
Black Hole Forge
55%
Escape Pod 1
55%
Escape Pod 2
55%
Sun Station
55%
Escape Pod 3
53%
Probe Tracking Module
53%
Orbital Probe Cannon
51%
The Stranger
49%
The Sunless City
49%
High Energy Lab
45%
Statue Island
45%
The Hanging City
43%
White Hole Station
43%
Feldspar's Camp
42%
Gravity Cannon
42%
Gravity Cannon
42%
Lakebed Cave
42%
Endless Canyon
40%
Southern Observatory
40%
Sixth Location
34%
Chert's Camp
32%
Control Module
32%
Quantum Shard
32%
Radio Tower
32%
Ash Twin Towers
30%
Gabbro's Island
30%
Riebeck's Camp
30%
The Village
30%
Launch Module
28%
Starlit Cove
28%
Statue Workshop
28%
Tower of Quantum Trials
28%
Anglerfish Fossil
25%
Quantum Grove
25%
Cinder Isles
23%
Forbidden Archives
23%
Forbidden Archives
23%
Forbidden Archives
23%
Quantum Moon Locator
23%
Nomai Grave
21%
Zero - G Cave
21%
Esker's Camp
19%
Hidden Gorge
19%
Solanum's Shuttle
19%
Frozen Jellyfish
17%
Ruptured Core
17%
Bramble Island
15%
Construction Yard
15%
Dark Bramble Seed
15%
Nomai Mines
15%
Quantum Shrine
15%
River Lowlands
15%
Burned Slide Reel
13%
Burned Slide Reel
13%
Burned Slide Reel
13%
Burned Slide Reel
13%
Ocean Depths
13%
Reservoir
13%
Shrouded Woodlands
13%
Frozen Nomai Shuttle
11%
Old Settlement
11%
Quantum Caves
11%
Slide Burning Room
11%
Slide Burning Room
11%
Slide Burning Room
11%
Eye Signal Locator
9%
Submerged Structure
9%
Ash Twin Tower Designs
8%
Island Tower
8%
Sealed Vault
8%
Alignment Angle Diagram
6%
Lunar Lookout
6%
Map Projection 1
6%
Map Projection 2
6%
Map Projection 3
6%
Abandoned Temple
4%
Damaged Laboratory
4%
Mural Panel 1
2%
Mural Panel 2
2%
Mural Panel 3
2%
Northern Glacier
2%
Subterranean Lake
2%
Symbol Room
2%
Tornado Simulation
2%
Volcanic Testing Site
2%
No matching quizzes found
Score Distribution
Percent of People with Each Score
Percentile by Number Answered
Your Score History
You have not taken this quiz